000
00308nam a2200145Ia 4500
100
_a
Anderson Don
942
_c
BK
654
_a
computer
245
_a
Cardbus Systems Architecture
260
_b
Addison Wesly
_a
Mumbai
_c
1996
082
_a
4.62
_b
AND
300
_a
407
546
_a
ENGLISH
999
_c
22996
_d
22996